Générique Sonic X - Paroles - Statistiques

Statistiques générales
  • Ce quiz a été pris 125 fois
  • Le résultat moyen est 28 sur 36
Statistiques - réponses
Paroles % Correct
GO, GO, GO, GO, LET'S {GO} !
100%
S-O-N-I-C, GO ! S-O-N-I-C, {GO} !
100%
Plus vite que la {lumière}, il court
96%
Pour nous {sauver}
92%
C'est {Sonic} !
89%
C'est {Sonic} !
89%
Contre les robots, ces machines du {mal}
89%
Il est le plus {fort} !
88%
Pour nous {sauver}
88%
Il est le plus {fort} !
87%
Il redouble encore plus d'{efforts}
83%
De la tornade {bleue} !
82%
GO, GO, GO, GO, LET'S {GO} !
79%
S-O-N-I-C, GO ! S-O-N-I-C, {GO} !
79%
C'est {Sonic} !
78%
De fendre l'{air}
78%
Jouer sa {vie}
78%
Plus vite que le {son} !
78%
Pour nous {sauver} !
78%
C'est {Sonic} !
76%
Hyper {super} !
76%
Mettre sa vie en {danger}
76%
Sans même toucher {terre}, il court
76%
De fendre l'{air}
75%
Rien n'arrête l'{énergie}
75%
Il attaque et il {esquive} !
74%
Sur tous les {fronts}
74%
Plus vite que le {son} !
72%
Quand le risque est le {maître} à bord
70%
Hyper {super} !
68%
Avec pour {mission}
64%
Et dans l'{espace}
64%
Sur tous les {fronts}
63%
Avec pour {mission}
62%
Cyber {mystère} !
53%
Cyber {mystère} !
49%
Aucun quiz correspondant
Distribution des résultats
% des personnes avec chaque résultat
Percentile par nombre de réponses
Votre historique - résultats
Vous n’avez pas pris ce quiz